000 00768nam a2200253 i 4500
001 67361
003 ES-MaACL
005 20250821112214.0
007 t|
008 040520s2003 sp ||||0| spa d
020 _a84-8191-510-6
040 _aM-BN
_bspa
_cM-BN
080 _a821.134.2-96"19"
100 1 _aSavater, Fernando,
_d1947-
_9104053
245 1 0 _aPalabras cruzadas
_b: una invitación a la filosofía /
_cFernando Savater, José Luis Pardo.
250 _a1ª ed.
260 _aValencia :
_bPre-Textos,
_c2003.
300 _a136 p ;
_c19 cm.
490 1 _aPre-textos ;
_v617
700 1 _aPardo, José Luis,
_d1954-
_988970
830 0 _aPre-textos ;
_v617
_9178641
852 _aES-MaACL
_jL-27622
_bR.132955
999 _c67361
_d67361